000 00310nam a2200145Ia 4500
100 _aPowell/Thomas A
250 _a4
942 _cBK
654 _ahtml
245 _aThe Complete Reference:HTML and XHTML
260 _bTata Mc Graw hill
_c2003
082 _a4.62
_bPOW
300 _a944
546 _aENGLISH
999 _c30572
_d30572